=LDR 00000nam 2200000 4500 =001 INLIS000000000046528 =005 20150402142959.0 =006 =007 =008 =035 ##$$0010-041500000000010 =082 ##$$a 813 =090 ##$$a 819 arm l =100 ##$$a m.arman a.z =245 ##$$a loper korea cilik =250 ##$$a jakarta 2007 =260 ##$$a gema insani